000 00552nam a2200217 a 4500
001 BRCA_4305
005 20190320204624.0
008 250610s1959----enk#######---#000-0#eng-#
041 _aeng
044 _aenk
050 4 _aPZ3
_b.M37 1959
100 1 _aMarsh, Ngaio
_910895
245 1 0 _aA Man Lay Dead
_cby Ngaio Marsh.
260 _aHarmondsworth, Londres
_bPenguin Books
_c1959
300 _a186 p.
_c18 cm.
440 0 _aPenguin Books
_v210
_911060
500 _aCEF100
650 1 4 _aNovelas policĂ­acas
_9877
902 _aGFM
942 _2lcc
_cB
999 _c4016
_d4016